MARC details
| 000 -LEADER |
| fixed length control field |
01341nam a2200205 a 4500 |
| 008 - FIXED-LENGTH DATA ELEMENTS--GENERAL INFORMATION |
| fixed length control field |
150220s2010 ||||||||||||||||| || u |
| 020 ## - INTERNATIONAL STANDARD BOOK NUMBER |
| International Standard Book Number |
9780199582815 |
| 050 ## - LIBRARY OF CONGRESS CALL NUMBER |
| Classification number |
RC 672 Che |
| 100 ## - MAIN ENTRY--PERSONAL NAME |
| Personal name |
Chenzbraun, Adrian |
| 245 10 - TITLE STATEMENT |
| Title |
Heart disease |
| Statement of responsibility, etc. |
By Adrian Chenzbraun |
| 260 ## - PUBLICATION, DISTRIBUTION, ETC. |
| Place of publication, distribution, etc. |
New York: |
| Name of publisher, distributor, etc. |
Oxford University Press |
| Date of publication, distribution, etc. |
2010 |
| 300 ## - PHYSICAL DESCRIPTION |
| Extent |
xiii, 148p.: ill. |
| 350 ## - |
| -- |
17.95 |
| 650 ## - SUBJECT ADDED ENTRY--TOPICAL TERM |
| Topical term or geographic name entry element |
HEART--DISEASE--POPULAR WORKS |
| 995 ## - |
| -- |
MEDICAL LIBRARY OPEN ACCESS |
| -- |
902714 |
| -- |
CBU-SCHOOL OF MEDICINE LIBRARY (Ndola) |
| -- |
17.95 |
| -- |
RC 672 Che |
| -- |
4 |
| -- |
AVAILABLE |
| -- |
Mar 3, 2015 |
| -- |
902714 |
| -- |
Medical Library Open Access Collection |
| 995 ## - |
| -- |
MEDICAL LIBRARY OPEN ACCESS |
| -- |
902715 |
| -- |
CBU-SCHOOL OF MEDICINE LIBRARY (Ndola) |
| -- |
17.95 |
| -- |
RC 672 Che |
| -- |
5 |
| -- |
AVAILABLE |
| -- |
Mar 3, 2015 |
| -- |
902715 |
| -- |
Medical Library Open Access Collection |
| 995 ## - |
| -- |
MEDICAL LIBRARY OPEN ACCESS |
| -- |
902711 |
| -- |
CBU-SCHOOL OF MEDICINE LIBRARY (Ndola) |
| -- |
17.95 |
| -- |
RC 672 Che |
| -- |
1 |
| -- |
AVAILABLE |
| -- |
Mar 3, 2015 |
| -- |
902711 |
| -- |
Medical Library Open Access Collection |
| 995 ## - |
| -- |
MEDICAL LIBRARY OPEN ACCESS |
| -- |
902712 |
| -- |
CBU-SCHOOL OF MEDICINE LIBRARY (Ndola) |
| -- |
17.95 |
| -- |
RC 672 Che |
| -- |
2 |
| -- |
AVAILABLE |
| -- |
Mar 3, 2015 |
| -- |
902712 |
| -- |
Medical Library Open Access Collection |
| 995 ## - |
| -- |
MEDICAL LIBRARY OPEN ACCESS |
| -- |
902713 |
| -- |
CBU-SCHOOL OF MEDICINE LIBRARY (Ndola) |
| -- |
17.95 |
| -- |
RC 672 Che |
| -- |
3 |
| -- |
AVAILABLE |
| -- |
Mar 3, 2015 |
| -- |
902713 |
| -- |
Medical Library Open Access Collection |
| 999 ## - |
| -- |
63955 |
| -- |
63955 |